| 000 | 01703nam a22003857a 4500 | ||
|---|---|---|---|
| 003 | DO-SdBNP | ||
| 005 | 20240508073818.0 | ||
| 007 | ta | ||
| 008 | 210216b 2020 dr a c 00| 0 eng d | ||
| 020 | _a9789945586978 (v. 1) | ||
| 020 | _a9789945913132 (v. 2) | ||
| 040 |
_aDO-SdBNP _bspa _cBNPHU |
||
| 082 | 4 |
_a972.93052 _bV335H _222 |
|
| 100 | 1 |
_aVásquez, Horacio, _d1860-1936 _940202 |
|
| 245 | 1 | 0 |
_aHoracio Vásquez : _bmensajes y memorias 1924-1930 / _ccompilador Ricardo Hernández ; presentación Roberto Cassá ; Introducción Ricardo Hernández. |
| 260 |
_aSanto Domingo : _bArchivo General de la Nación, _c2020. |
||
| 300 |
_a2 v. : _biustraciones, fotos.; _c27 cm. |
||
| 490 | 1 |
_aArchivo General de Nación _v301 |
|
| 490 | 1 |
_aArchivo General de la Nación _v338 |
|
| 490 | 1 | _aPresidentes dominicanos | |
| 500 | _aIncluye datos biográficos del compilador en las solapas. | ||
| 500 | _aIncluye referencias bibliográficas y notas al pie de las páginas. | ||
| 500 | _aIncluye índice onomástico | ||
| 505 | 0 |
_av.1 -- _tCronología política abierta de Horacio Vásquez -- _gv. 2. _tEl partido horacista . |
|
| 590 | _aInventariado, 2021 /LP | ||
| 600 | 1 | 4 |
_aVásquez, Horacio, _d1860-1936 _vEnsayos, conferencias, etc. _978474 |
| 651 | 4 |
_aRepública Dominicana _xHistoria _y1924-1930 _952895 |
|
| 651 | 4 |
_aRepública Dominicana _xPolítica y gobierno _xHistoria _y1924-1930 _978475 |
|
| 700 | 1 |
_aHernández, Ricardo, _d1954- _e compilador. _977790 |
|
| 700 | 1 |
_aCassá, Roberto, _d1948- _epresentación _910888 |
|
| 830 | 0 |
_aArchivo General de Nación _n301 _977792 |
|
| 830 | 0 |
_aArchivo General de Nación _n338 _977794 |
|
| 830 | 0 |
_aPresidentes dominicanos _977793 |
|
| 942 |
_2ddc _cLBS1 |
||
| 999 |
_c49384 _d49384 |
||